Statistics for Most Traded Currencies

Click here to take the quiz!

General Stats

  • This quiz has been taken 24,509 times
  • The average score is 23 of 35

Answer Stats

Answer % Correct
Dollar
99%
Euro
97%
Eurozone
97%
United States
96%
Yen
92%
Pound
92%
Japan
92%
United Kingdom
90%
China
89%
Australia
87%
Canada
86%
Mexico
83%
Russia
82%
Peso
80%
India
79%
Brazil
73%
Ruble
66%
New Zealand
66%
Franc
64%
Rupee
62%
South Africa
60%
Switzerland
56%
South Korea
56%
Yuan
55%
Turkey
50%
Sweden
49%
Norway
49%
Singapore
41%
Lira
38%
Krone
36%
Rand
32%
Krona
30%
Real
27%
Won
25%
Hong Kong
24%

Score Distribution

Percentile by Number Answered

Percent of People with Each Score

Your Score History

You have not taken this quiz